Responses for Show #6405 - Friday, June 22, 2012

Contestants

[<< previous game]

Ayana Matthews, a geriatric nursing assistent and chef from Baltimore, Maryland

Bridget Gallagher, a fundraising consultant from Arlington, Virginia

Margaret Swanson, a graduate student of architecture from Somerville, Massachusetts (whose 1-day cash winnings total $3,999)

[next game >>]

Jeopardy! Round responses

TEXAS-BASED COMPANIES
DIAL M FOR MURDER
COMMON BONDS
LESSER-KNOWN NOBEL PRIZE LIT WINNERS
STARTS WITH 3 CONSONANTS
MILESTONE BIRTHDAYS 2012
    $200 15
AT&T

Ayana
    $200 9
Charles Manson

Ayana
    $200 11
lucky charms

Bridget
    $200 1
Quasimodo

Bridget
    $200 22
spring

Ayana
    $200 3
Tom Cruise

Bridget
    $400 27
RadioShack

Ayana
    $400 10
Ireland

Ayana
    $400 12
mystery writers

Ayana
    $400 2
Australia

Triple Stumper
    $400 23
a christening

Ayana
    $400 4
Eminem

Bridget
    $600 28
Blockbuster

Bridget
    $600 13
machine gun

Ayana
    $600 18
they all have keys

Margaret
    $600 7
Switzerland

Ayana
    $600 24
strafe

Margaret
    $600 5
Prince William

Ayana
    $800 29
(Ayana: What is United?)
(Bridget: What is Continental?)
(Margaret: What is Southwest?)

American Airlines

MargaretBridgetAyana
Triple Stumper
    $800 14
Gangs of New York

Bridget
    $800 19
(Bridget: All places in California?)

[At the start of Double Jeopardy! it was revealed that there is a small community called Mesa Verde in California, as well as a very small cave called Mammoth Cave, making Bridget's answer correct]

national parks

Bridget
    $800 8
the national anthem

Margaret
    $800 25
a stranglehold

Triple Stumper
    $800 6
Max Baer Jr.

Triple Stumper
    $1,000 30
Pier 1

Bridget
    $1000 16
Oxford English Dictionary

Bridget
    $1000 20
things with eyes

Ayana
    $1000 17
Poland

Ayana
    $1000 26
threadbare

Triple Stumper
    $1000 21
Jodie Foster

Ayana

Scores at the first commercial break (after clue 15):

Margaret Bridget Ayana
$800 $1,800 $3,000

Scores at the end of the Jeopardy! Round:

Margaret Bridget Ayana
$1,200 $4,400 $6,200

Double Jeopardy! Round responses

TAKE ME "N-A" WHERE
(Alex: Each correct response will end with those two letters.)
RED, RED WINE
PHOENICIA PHUN
FLOWERY LANGUAGE
PLAY THEM OFF
KEYBOARD CATS
    $400 7
Louisiana

Margaret
    $400 6
pinot noir

Margaret
    $400 19
the North Star

Bridget
    $400 12
an annual

Bridget
    $400 22
Tiger Woods

Bridget
    $400 1
Mozart

Margaret
    $800 8
Herzegovina

Margaret
    $800 14
Big Red

Margaret
    $800 20
purple

Ayana
    $800 13
bloom

Bridget
    $800 23
(Alex: With all other things being equal, they [*].)

flip a coin

Triple Stumper
    $800 2
(Ayana: Who is Duke Ellington?)

Count Basie

BridgetAyana
    $1200 9
Medina

Ayana
    $1200 18
the Etruscans

Ayana
    $1200 21
(Alex: They celebrated [*] on that day.)

New Year's

Triple Stumper
    $1200 15
stem

Margaret
    $1200 28
(Alex: National League team--[*].)

the Giants

Triple Stumper
    $1200 3
Brian Wilson

Ayana
    $2,200 10
(Ayana: [No response])

Havana

Ayana
    $1600 24
(Alex: I like them a "lot" because they're [*]. "L-O-T" on the end of that.)

merlot

Ayana
Triple Stumper
    $1,500 26
Punic

Ayana
    $1600 16
the filament

Bridget
    $1600 29
(Bridget: Who is Karl Malone?)
(Ayana: Who is Clyde Drexler?)
[The end-of-round signal sounds.]

Michael Jordan

BridgetAyana
Triple Stumper
    $1600 4
Ray Charles

Bridget
    $2000 11
Pasadena

Margaret
    $2000 25
Chile

Ayana
    $2000 27
(Bridget: What is Mount Sinai?)

Mount Carmel

Bridget
Triple Stumper
    $2000 17
garland

Triple Stumper
    $2000 5
(Alex: And that classical pianist was [*].)

Vladamir Horowitz

Triple Stumper

Scores at the end of the Double Jeopardy! Round:

Margaret Bridget Ayana
$7,200 $6,800 $7,900

[wagering suggestions for these scores]

Final Jeopardy! Round responses

20th CENTURY TECHNOLOGY
(Alex: The years were very important in that clue. The Second World War had just ended.)
...
(Alex: [Revealing Margaret's response] The [*] trials--yes, indeed.)
BridgetWhat is The Hague?
$6,000
MargaretWhat is Nurenburg?
$6,000
AyanaWhat is Paris?
$6,900
Nuremberg

Final scores:

Margaret Bridget Ayana
$13,200 $800 $1,000
2-day champion: $17,199 3rd place: $1,000 2nd place: $2,000

Game dynamics:

Coryat scores:

Margaret Bridget Ayana
$7,200 $6,800 $10,200
10 R,
1 W
16 R
(including 1 DD),
3 W
19 R
(including 1 DD),
5 W
(including 1 DD)

Combined Coryat: $24,200

[game clues] [game scores] [suggest correction]

Game tape date: 2012-02-14
The J! Archive is created by fans, for fans. Scraping, republication, monetization, and malicious use prohibited; this site may use cookies and collect identifying information. See terms. The Jeopardy! game show and all elements thereof, including but not limited to copyright and trademark thereto, are the property of Jeopardy Productions, Inc. and are protected under law. This website is not affiliated with, sponsored by, or operated by Jeopardy Productions, Inc. Join the discussion at JBoard.tv.